| 000 | 00751cam a2200253 4500500 | ||
|---|---|---|---|
| 005 | 20260329004243.0 | ||
| 041 | _afre | ||
| 042 | _adc | ||
| 100 | 1 | 0 |
_aEltchaninoff, Michel _eauthor |
| 245 | 0 | 0 | _aBenny Tai. Un Hongkongais démocrate face au pouvoir chinois |
| 260 | _c2019. | ||
| 500 | _a100 | ||
| 690 | _aAutoritarisme | ||
| 690 | _aBenny Tai | ||
| 690 | _aChine Hong Kong | ||
| 690 | _aDémocratie | ||
| 690 | _aDissidence | ||
| 690 | _aMichel Eltchaninoff | ||
| 690 | _aParapluie | ||
| 690 | _aPortrait | ||
| 690 | _aSurveillance | ||
| 786 | 0 | _nPhilosophie magazine | 128 | 4 | 2019-04-01 | p. 3-3 | 1951-1787 | |
| 856 | 4 | 1 | _uhttps://shs.cairn.info/magazine-philosophie-magazine-2019-4-page-3?lang=fr&redirect-ssocas=7080 |
| 999 |
_c1832196 _d1832196 |
||